000 00565pam a2200217 a 4500
001 1895617
005 20180205034516.0
008 840315s1984 mau b 001 0 eng
010 _a 84006219
020 _a020110346X :
_c$18.95 (est.)
040 _aDLC
_cDLC
_dDLC
041 _aeng
080 _a303.4 DYE
082 0 0 _a303.4 DYE
_219
100 1 _a50
101 _aSOC
245 0 0 _aStrategies for managing change /
_cWilliam G. Dyer.
504 _aBibliography: p. 191-196.
906 _a7
_bcbc
_corignew
_d1
_eocip
_f19
_gy-gencatlg
942 _2ddc
_cBK
999 _c41724
_d41724